000 00370 a2200157 4500
001 157247
020 _a9788599296837
040 _cEscola São Tomás de Aquino
100 _aRAND, Ayn
240 1 0 _aA revolta de Atlas
_lpor
245 1 0 _aA revolta de Atlas
300 _a351 p.
362 0 _a2010
697 _aOUTRAS LITERATURAS (DIVERSAS LÍNGUAS)
942 _cBK
999 _c157247
_d157247